000 00905cam a22002532 4500
001 0000001283
005 20151021151051.0
008 070228s xx 000 0 eng d
020 _a9966280170 :
_cKES 760
040 _aKABU
_cKABU
050 0 _aHB135
_b.S25 1997
100 1 _aSaleemi, Nisar Ahmad.
_@0000151299
245 1 0 _aQuantitative techniques simplified /
_cNisar Ahmad Saleemi.
260 _aNairobi :
_bN. A. Saleemi,
_c1997.
300 _a650 p. ;
_c21 cm.
650 0 _aEconomics, Mathematical.
_@0000149913
650 0 _aStatistics.
_@0000149871
852 1 _9p1150 KES
852 1 _9p1150 KES
908 _a070228
950 _@1
999 _c321
_d321